| 000 | 01441nam0a2200361 4500 | ||
|---|---|---|---|
| 001 | RU\NLR\BIBL_A\011367746 | ||
| 005 | 20241213173301.0 | ||
| 010 |
_a978-5-4470-0238-1 _bКомсомольская правда |
||
| 010 |
_a978-5-4475-8746-8 _bДирект-Медиа |
||
| 021 |
_aRU _b2017-18081 _91331 |
||
| 035 | _a(NLR Aleph) 011367746 | ||
| 090 |
_a11333446 _c11333446 |
||
| 100 | _a20170414d2017 u y0rusy50 ca | ||
| 101 | 0 | _arus | |
| 102 | _aRU | ||
| 105 | _aa|||z 000zb | ||
| 200 | 1 |
_aГотлиб Элиэль Сааринен (1873-1950) _f[авт. текста С. С. Левошко] |
|
| 210 |
_aМосква _cКомсомольская правда _cДирект-Медиа _d2017 |
||
| 215 |
_a69, [2] с. _cил., цв. ил. _d31 |
||
| 225 | 1 |
_aВеликие архитекторы _vт. 55 |
|
| 300 | _aЗагл. обл.: Сааринен | ||
| 300 | _aАвт. указан в вып. дан. | ||
| 333 | _a6+ | ||
| 512 | 1 | _aСааринен | |
| 600 | 1 |
_aСааринен _bГ.Э. _f1873 - 1950 _gГотлиб Элиэль _92323679 _3RU\NLR\AUTH\6601614634 |
|
| 686 |
_aН0(4Фн)6-8Сааринен Г.Э.4я6 _2rubbk |
||
| 686 | 1 | _aЩ113(4Фн)6-8Сааринен | |
| 700 | 1 |
_aЛевошко _bС. С. _gСветлана Сергеевна |
|
| 702 | 1 |
_aСааринен _bГ.Э. _f1873-1950 _gГотлиб Элиэль _4570 |
|
| 942 | _cBOOK | ||
| 980 | _aNBR | ||